Pasado, presente y futuro del español en la Universidad de Economía de Bratislava
Potreby študentov na Ekonomickej univerzite v Bratislave, ktorá poskytuje vzdelávanie v oblasti ekonómie a podnikania – vzhľadom na vyučovanie španielčiny ako cudzieho jazyka. Na základe dotazníkového prieskumu medzi študentmi zhodnotenie významu ovládania španielčiny v rámci celkového štúdia, a to...
Na minha lista:
| Autor principal: | |
|---|---|
| Outros Autores: | |
| Formato: | Capítulo de Livro |
| Idioma: | espanhol |
| Assuntos: | |
| Tags: |
Sem tags, seja o primeiro a adicionar uma tag!
|
MARC
| LEADER | 00000naa$a2200000$$$4500 | ||
|---|---|---|---|
| 001 | 0272039 | ||
| 005 | 20240502074305.5 | ||
| 041 | 0 | |a spa | |
| 044 | |a SK | ||
| 245 | 1 | 0 | |a Pasado, presente y futuro del español en la Universidad de Economía de Bratislava |c Zuzana Kittová, Mária Spišiaková |
| 520 | |a Potreby študentov na Ekonomickej univerzite v Bratislave, ktorá poskytuje vzdelávanie v oblasti ekonómie a podnikania – vzhľadom na vyučovanie španielčiny ako cudzieho jazyka. Na základe dotazníkového prieskumu medzi študentmi zhodnotenie významu ovládania španielčiny v rámci celkového štúdia, a to z hľadiska budúcej profesijnej kariéry po ukončení štúdia. | ||
| 610 | 2 | 0 | |a španielčina |
| 610 | 2 | 0 | |a vyučovanie |
| 610 | 2 | 0 | |a vzdelávanie |
| 610 | 2 | 0 | |a kariéra |
| 100 | 1 | |a Kittová, Zuzana, 1975- | |
| 700 | 1 | |a Spišiaková, Mária, 1973- | |